Statistieken voor Eilanden van de Wereldquiz

Klik hier om de quiz te nemen!

Algemene statistieken

  • Deze quiz is 47 keer genomen
  • De gemiddelde score is 32 van 47

Antwoorden op de kaart

Antwoorden kleurgecodeerd door een groen-rode schaal op de quizkaart volgens % correct hieronder.
 

Antwoordstatistieken

Gebied (vierkante kilometer)Antwoord% Correct
243,609Verenigd Koninkrijk
94%
70,274Ierland
92%
102,999Ijsland
92%
1,904,568Indonesië
92%
110,859Cuba
89%
4,033Kaapverdië
89%
316Malta
86%
268,020Nieuw Zeeland
86%
1,862Comoren
83%
48,443Dominicaanse Republiek
83%
27,749Haïti
83%
587,712Madagascar
83%
457Seychellen
83%
65,610Sri Lanka
83%
751Dominica
81%
13,880Bahamas
78%
377,799Japan
78%
963Sao Tomé en Principe
78%
12,188Vanuatu
78%
440Antigua en Barbuda
75%
9,251Cyprus
75%
300,001Filippijnen
75%
811Kiribati
75%
311Maldiven
75%
181Marshall Eilanden
75%
2,041Mauritius
75%
459Palau
75%
10,992Jamaica
72%
21Nauru
72%
262Saint Kitts en Nevis
72%
36,198Taiwan
72%
438Barbados
69%
26Tuvalu
69%
749Tonga
67%
5,128Trinidad en Tobago
67%
2,831Samoa
64%
15,006Oost Timor
61%
462,839Papoea Nieuw Guinea
61%
350Grenada
56%
736Singapore
56%
5,765Brunei
47%
787Bahrein
31%
28,896Solomon Eilanden
31%
18,275Fidji
3%
388Sint Vincent en de Grenadines
3%
702Gefedereerde Staten van Micronesië
0%
616Heilige Lucia
0%

Scoreverdeling

Percentiel versus Aantal Correcte Antwoorden

Procent van Mensen met Elke Score

Uw Scoregeschiedenis

U heeft deze quiz nog niet genomen